000 02909nam a2200349 i 4500
003 DO-SdBNP
005 20250307073711.0
007 ta
008 220513e2021 dr ||||gr|||| 001 edspa d
020 _a9789945920123
040 _aDO-SdBNP
_bspa
_cBNPHU
_erda
041 _hspa
082 4 _a928.61
_bP438p
_222
100 1 _aPérez, Odalís,
_d1952-
_eautor
_4aut.
_923828
245 1 0 _aPedro Henríquez Ureña:
_bhumanidades críticas y democracia del pensamiento /
_cOdalis G. Pérez.
264 1 _aSanto Domingo :
_bUniversitaria, UASD,
_c2021.
300 _a271 páginas :
_bilustraciones, fotografías ;
_c23 cm.
336 _atexto
_btxt
_2rdacontent
337 _asin mediación
_2n
_brdamedia
338 _avolumen
_bnc
_2rdacarrier
490 0 _aColección Universidad Autónoma de Santo Domingo.
500 _aIncluye datos biográficos del autor en las solapas de las cubiertas.
500 _aIncluye índice onomástico, 261- 271
504 _aBibliografía : página 251-260
505 _aPresentación, 9 -- Introducción, 15 -- Pedro Henríquez Ureña: entre la memoria y el presente, 21 -- Pedro Henríquez Ureña: tensiones e investigaciones musicales, 33 -- Pedro Henríquez Ureña: el arte en la América continental, 39 -- Estética y cultura en Pedro Henríquez Ureña, 45 -- Historia cultural y crítica de arte en Pedro Enríquez Ureña, 51 -- Cátedra de Arte y Cultura Pedro Henríquez Ureña, 57 -- Historia cultural y artística de la América hispánica y continental, 67 -- Pedro Henríquez Ureña y la Catedral de Santo Domingo, 79 -- Hostos en Pedro Henríquez Ureña, 93 -- Homenaje de la Universidad de Santo Domingo, 103 -- Pedro Henríquez Ureña y la ocupación norteamericana de 1916, 113 -- Tensiones escritas y orales: Literatura y cultura en República Dominicana, 119 -- Pedro Henríquez Ureña: cultura e historiografía en la América continental, 129 -- Pedro Henríquez Ureña y la lingüística romance, 139 -- La lengua como historia, 147 -- Conferencia Pedro Henríquez Ureña: aportes culturales, políticos, filológicos y educativos, 153 -- Orientaciones, ideales y fundaciones democráticas en Pedro Henríquez Ureña, 193 -- Pedro Henríquez Ureña y el arte del ensayo, 209 -- Pedro Henríquez Ureña y las artes plásticas, 221 -- Pedro Henríquez y los estudios de lenguas indígenas, 227 -- Pedro Henríquez Ureña: una dramaturgia de voces, 233 -- Pedro Henríquez Ureña: crítico de arte y esteta, 245 -- Bibliografía, 251 -- Índice onomástico, 261.
590 _aInventariado 2022 / MF
600 1 0 _aHenríquez Ureña, Pedro,
_d1884-1946
_xCrítica e interpretación
_91718
650 _aLiteratura
_zRepública Dominicana
_980984
650 4 _931556
_aHenríquez Ureña, Pedro, 1884-1946
_vCrítica Literaria
_xColecciones de Escritos
_zRepública Dominicana
910 _aMFeliz. Validado. Control de Calidad/MAA
942 _2ddc
_cLBS1
999 _c51719
_d51719